Desempeño reciente de la industria en Córdoba (Registro nro. 25576)

Detalles MARC
000 -LEADER
fixed length control field 00328 a2200109 4500
001 - CONTROL NUMBER
control field ART_11439
005 - DATE AND TIME OF LATEST TRANSACTION
control field 20260410161857.0
008 - FIXED-LENGTH DATA ELEMENTS--GENERAL INFORMATION
fixed length control field 260409a
100 1# - MAIN ENTRY--PERSONAL NAME
Personal name Ferro, Gustavo
245 10 - TITLE STATEMENT
Title Desempeño reciente de la industria en Córdoba
773 0# - HOST ITEM ENTRY
Title Revista de Economía
Related parts - Nº 73 (abr./jun. 1994)
Record control number REV11077

No hay ítems disponibles.